[Event "21st ch-EUR Indiv 2021"]
[Site "Reykjavik ISL"]
[Date "2021.09.01"]
[Round "7.28"]
[White "Sivuk, Vitaly"]
[Black "Saraci, Nderim"]
[Result "1/2-1/2"]
[WhiteTitle "GM"]
[BlackTitle "IM"]
[WhiteElo "2589"]
[BlackElo "2455"]
[WhiteFideId "14116502"]
[BlackFideId "6351921"]
[EventDate "2021.08.26"]

1. d4 Nf6 2. c4 e6 3. g3 d5 4. Nf3 Be7 5. Bg2 O-O 6. O-O dxc4 7. Qc2 a6 8. a4
Bd7 9. Qxc4 Bc6 10. Bf4 Nbd7 11. Nc3 a5 12. Qd3 Bd6 13. Bg5 h6 14. Bxf6 Qxf6 15.
Nd2 Bxg2 16. Kxg2 Bb4 17. Nf3 Rfd8 18. Rfd1 c6 19. Qe4 Qf5 20. Qxf5 exf5 21. Na2
Be7 22. Rd3 Nf6 23. Rad1 Nd5 24. b3 Bf6 25. e3 Be7 26. R3d2 Re8 27. Rc2 Bd6 28.
Nc3 Nxc3 29. Rxc3 Bb4 30. Rc2 Rad8 31. Kf1 g6 32. Ke2 Kg7 33. Ne5 Rd5 34. Rc4
Bd6 35. Nd3 Bf8 36. Kd2 Red8 37. Rdc1 Ba3 38. Ra1 Be7 39. Rac1 Ba3 40. R1c2 Be7
41. Ke2 Bd6 42. Kf3 Kf6 43. h3 h5 44. h4 Kg7 45. Ke2 Kf8 46. Nf4 Bxf4 47. gxf4
Ra8 48. Kd3 Ke7 49. f3 Rdd8 50. Rc5 Rd6 51. e4 Ra6 52. R2c4 Rb6 53. Kc3 fxe4 54.
fxe4 Rf6 55. f5 gxf5 56. exf5 Ra6 57. d5 Rxf5 58. d6+ Kf6 59. Rxf5+ Kxf5 60.
Rc5+ Ke6 61. Rxh5 Kxd6 62. Rg5 Ra8 63. h5 b6 64. Kd4 Rh8 65. Ke4 f6 66. Rg6 Rxh5
67. Rxf6+ Kc5 68. Kd3 b5 69. axb5 cxb5 70. Rf4 Rh2 71. Kc3 b4+ 72. Kd3 Rh3+ 73.
Kc2 Rc3+ 74. Kb2 Re3 75. Rc4+ Kd5 76. Rc8 Re2+ 77. Kb1 Kd4 78. Rc4+ Kd5 79. Rc8
Re6 80. Ra8 Kd4 81. Rxa5 Kc3 82. Rc5+ Kxb3 83. Rc1 Re2 84. Rh1 Ka3 85. Rg1 Rb2+
86. Ka1 Rf2 87. Kb1 b3 88. Rh1 Rb2+ 89. Ka1 Re2 90. Kb1 Rb2+ 91. Ka1 Rg2 92. Kb1
Rg3 93. Rf1 b2 94. Re1 Rc3 95. Rh1 Rc1+ 96. Rxc1 bxc1=Q+ 97. Kxc1 1/2-1/2

[Event "21st ch-EUR Indiv 2021"]
[Site "Reykjavik ISL"]
[Date "2021.09.01"]
[Round "7.29"]
[White "Nguyen, Thai Dai Van"]
[Black "Thorfinnsson, Bragi"]
[Result "1-0"]
[WhiteTitle "GM"]
[BlackTitle "GM"]
[WhiteElo "2588"]
[BlackElo "2439"]
[WhiteFideId "358878"]
[BlackFideId "2300958"]
[EventDate "2021.08.26"]

1. d4 Nf6 2. c4 g6 3. Nc3 c5 4. d5 Bg7 5. e4 O-O 6. Nf3 d6 7. Be2 e6 8. O-O Na6
9. dxe6 fxe6 10. Bg5 e5 11. Qd2 Qe7 12. Rad1 Rd8 13. Nh4 Nc7 14. f4 exf4 15.
Qxf4 Rf8 16. Qg3 Nce8 17. Nd5 Qe6 18. Bxf6 Bxf6 19. Nxg6 hxg6 20. Qxg6+ Kh8 21.
Qh6+ Kg8 22. Qg6+ Kh8 23. e5 Bg7 24. Qh5+ Kg8 25. Bd3 Qh6 26. Rxf8+ Bxf8 27.
Qxe8 Bg4 28. Qxa8 Bxd1 29. Qe8 Bc2 30. Ne7+ Kh8 31. Ng6+ Kg8 32. Qe6+ Kg7 33.
Qf6+ Kg8 34. Ne7+ 1-0

[Event "21st ch-EUR Indiv 2021"]
[Site "Reykjavik ISL"]
[Date "2021.09.01"]
[Round "7.30"]
[White "Can, Emre"]
[Black "Petkov, Momchil"]
[Result "1-0"]
[WhiteTitle "GM"]
[BlackTitle "IM"]
[WhiteElo "2569"]
[BlackElo "2443"]
[WhiteFideId "6302181"]
[BlackFideId "2921642"]
[EventDate "2021.08.26"]

1. d4 Nf6 2. c4 e6 3. Nf3 d5 4. g3 dxc4 5. Bg2 a6 6. Ne5 Bb4+ 7. Nc3 Nd5 8. O-O
O-O 9. Ne4 b5 10. b3 cxb3 11. Qxb3 Be7 12. h4 h6 13. g4 Bb7 14. g5 Nc6 15. Nxc6
Bxc6 16. gxh6 g6 17. Ng5 b4 18. Bd2 Bf6 19. Rfd1 Rb8 20. Rac1 Rb6 21. Qg3 Ba4
22. Re1 Nc3 23. h5 Rb5 24. d5 Rxd5 25. Bxd5 Qxd5 26. Bf4 Bxg5 27. Qxg5 Qxg5+ 28.
Bxg5 Bb5 29. Kg2 c5 30. Be7 Rc8 31. hxg6 fxg6 32. Bf6 Nxe2 33. Rc2 Nf4+ 34. Kf3
Nd3 35. Rxe6 Kf7 36. Rce2 c4 37. h7 c3 38. Rd6 g5 39. Re7+ Kg6 40. h8=Q 1-0

[Event "21st ch-EUR Indiv 2021"]
[Site "Reykjavik ISL"]
[Date "2021.09.01"]
[Round "7.31"]
[White "Dragnev, Valentin"]
[Black "Lubbe, Nikolas"]
[Result "1-0"]
[WhiteTitle "GM"]
[BlackTitle "IM"]
[WhiteElo "2557"]
[BlackElo "2427"]
[WhiteFideId "1634852"]
[BlackFideId "4694031"]
[EventDate "2021.08.26"]

1. e4 c5 2. Nf3 e6 3. c3 Nf6 4. e5 Nd5 5. d4 cxd4 6. cxd4 Nc6 7. Bc4 d6 8. O-O
Be7 9. Qe2 O-O 10. Rd1 Bd7 11. Bd2 Rc8 12. Nc3 Nxc3 13. Bxc3 d5 14. Bd3 Nb4 15.
Bb1 g6 16. h4 b5 17. h5 Nc6 18. Qe3 Kg7 19. Bd2 Rh8 20. h6+ Kf8 21. g4 Qb6 22.
Qd3 Ke8 23. Bg5 Bxg5 24. Nxg5 Qd8 25. Qe3 f6 26. Nf3 Rf8 27. Bd3 fxe5 28. dxe5
Qb6 29. Qxb6 axb6 30. Kg2 Rf4 31. Kg3 Rb4 32. b3 Ke7 33. Rdb1 Rf8 34. Re1 Rbf4
35. Ng5 Nd4 36. Re3 Rxf2 37. Rd1 Rxa2 38. Nxh7 Rff2 39. Bf1 Nc6 40. Nf6 Nxe5 41.
h7 Nf7 42. Nxd5+ Kf8 43. Nb4 Rad2 44. Rxd2 Rxd2 45. Rf3 1-0

[Event "21st ch-EUR Indiv 2021"]
[Site "Reykjavik ISL"]
[Date "2021.09.01"]
[Round "7.41"]
[White "Jones, Gawain C B"]
[Black "Kjartansson, David"]
[Result "1-0"]
[WhiteTitle "GM"]
[BlackTitle "IM"]
[WhiteElo "2684"]
[BlackElo "2326"]
[WhiteFideId "409561"]
[BlackFideId "2301130"]
[EventDate "2021.08.26"]

1. e4 d6 2. d4 Nf6 3. Nc3 e5 4. Nf3 Nbd7 5. Rg1 c6 6. Be3 Be7 7. g4 Qa5 8. Bd3
d5 9. dxe5 Nxe4 10. e6 fxe6 11. Bxe4 dxe4 12. Nd2 O-O 13. Ncxe4 Ne5 14. Rg3 b6
15. g5 Ba6 16. Qh5 g6 17. Qh3 Rf5 18. Bd4 Rd8 19. Bc3 Qd5 20. b3 Bxg5 21. Rxg5
Rxg5 22. Nxg5 1-0

[Event "21st ch-EUR Indiv 2021"]
[Site "Reykjavik ISL"]
[Date "2021.09.01"]
[Round "7.42"]
[White "Paravyan, David"]
[Black "Milikow, Yoav"]
[Result "1-0"]
[WhiteTitle "GM"]
[BlackTitle "FM"]
[WhiteElo "2631"]
[BlackElo "2287"]
[WhiteFideId "4194985"]
[BlackFideId "2822237"]
[EventDate "2021.08.26"]

1. e4 e5 2. Nf3 Nc6 3. Bb5 a6 4. Ba4 Nf6 5. O-O Bc5 6. c3 b5 7. Bb3 d6 8. a4 Bb7
9. d3 h6 10. axb5 axb5 11. Rxa8 Qxa8 12. Nh4 Ne7 13. Kh1 g5 14. Qf3 Nxe4 15.
dxe4 Bxe4 16. Qxf7+ Kd8 17. Nf3 Bxb1 18. Qf6 Re8 19. Bf7 Rf8 20. Qxh6 Kd7 21.
Nxe5+ dxe5 22. Qe6+ Kd8 23. Rd1+ Bd4 24. Bxg5 1-0

[Event "21st ch-EUR Indiv 2021"]
[Site "Reykjavik ISL"]
[Date "2021.09.01"]
[Round "7.43"]
[White "Vedder, Richard"]
[Black "Bartel, Mateusz"]
[Result "0-1"]
[WhiteTitle "FM"]
[BlackTitle "GM"]
[WhiteElo "2266"]
[BlackElo "2611"]
[WhiteFideId "1004166"]
[BlackFideId "1112635"]
[EventDate "2021.08.26"]

1. d4 d6 2. e4 g6 3. c4 Bg7 4. Nc3 Nc6 5. d5 Nd4 6. Be3 e5 7. Nge2 Nxe2 8. Bxe2
f5 9. exf5 Bxf5 10. g4 Bd7 11. Qd2 Nf6 12. h3 O-O 13. O-O-O a6 14. Rdg1 b5 15.
f3 c6 16. g5 Nh5 17. Ne4 Nf4 18. Bf1 cxd5 19. cxd5 Rc8+ 20. Kb1 Bf5 21. Bxf4
Bxe4+ 22. fxe4 exf4 23. h4 Qe7 24. Bd3 Qe5 25. Rc1 Rxc1+ 26. Rxc1 f3 27. Qf2 a5
28. Re1 a4 29. Rc1 a3 30. Rc2 axb2 31. Rc7 b4 32. Rc4 Qf4 0-1

[Event "21st ch-EUR Indiv 2021"]
[Site "Reykjavik ISL"]
[Date "2021.09.01"]
[Round "7.44"]
[White "Papidakis, Georgios"]
[Black "Valsecchi, Alessio"]
[Result "0-1"]
[BlackTitle "GM"]
[WhiteElo "2228"]
[BlackElo "2527"]
[WhiteFideId "4295099"]
[BlackFideId "818860"]
[EventDate "2021.08.26"]

1. Nf3 c5 2. e4 Nc6 3. Bb5 e6 4. O-O Nge7 5. Re1 Nd4 6. Nxd4 cxd4 7. d3 a6 8.
Bc4 d5 9. Bb3 dxe4 10. dxe4 Nc6 11. Nd2 Bb4 12. e5 b5 13. Qg4 O-O 14. Nf3 Bxe1
15. Bh6 Bxf2+ 16. Kxf2 g6 17. Qf4 f5 18. Bxf8 Qxf8 19. Rd1 Qc5 20. Kg3 Ra7 21.
Nxd4 Nxd4 22. Qxd4 Qxd4 23. Rxd4 Kf7 24. Kf4 h6 25. h4 Bd7 26. Rd6 a5 27. a3 Ke7
28. c3 Ra8 29. Rb6 g5+ 30. hxg5 hxg5+ 31. Ke3 Rh8 32. c4 bxc4 33. Bxc4 Rh4 34.
Bd3 Rg4 35. Kf2 Rd4 36. Be2 Rd5 37. b4 axb4 38. axb4 Rxe5 39. b5 Kd8 40. Rb8+
Kc7 41. Rg8 g4 42. Rg7 Rd5 43. Kg3 Rd4 44. Kh4 Kd6 45. g3 Re4 46. Bd3 Re3 47.
Bc4 Rc3 48. Be2 Rb3 49. Kg5 Bxb5 50. Bxb5 Rxb5 51. Kf6 Rb6 52. Ra7 Kd5 53. Ra4
Rc6 54. Rb4 Ra6 55. Rf4 e5+ 0-1

[Event "21st ch-EUR Indiv 2021"]
[Site "Reykjavik ISL"]
[Date "2021.09.01"]
[Round "7.45"]
[White "Milikow, Elie"]
[Black "Kozak, Adam"]
[Result "1/2-1/2"]
[WhiteTitle "CM"]
[BlackTitle "GM"]
[WhiteElo "2242"]
[BlackElo "2504"]
[WhiteFideId "371281868"]
[BlackFideId "753246"]
[EventDate "2021.08.26"]

1. e4 e5 2. Nf3 Nc6 3. Bb5 a6 4. Ba4 Nf6 5. O-O Be7 6. Re1 b5 7. Bb3 d6 8. a4
Bb7 9. d3 O-O 10. Nbd2 Nd7 11. axb5 axb5 12. Rxa8 Qxa8 13. Nf1 Bf6 14. Ng3 g6
15. Bh6 Re8 16. c3 Nd8 17. Qd2 Ne6 18. Ng5 Nxg5 19. Bxg5 Bh8 20. Be3 Nc5 21.
Bxc5 dxc5 22. f4 Qd8 23. Qe3 exf4 24. Qxf4 Qe7 25. Kh1 Be5 26. Qf2 Rd8 27. Qe3
Qh4 28. Kg1 Qe7 29. Rf1 c4 30. dxc4 Qe6 31. Nf5 Kh8 32. Nd4 Bxd4 33. cxd4 Qxe4
34. Qxe4 Bxe4 35. cxb5 Rxd4 36. Rxf7 Rb4 37. Bd1 Rxb2 38. Bf3 Bxf3 39. gxf3 Rc2
40. Rf8+ Kg7 41. Rc8 Rc5 42. Rb8 Kh6 43. Kg2 Kh5 44. Kg3 Kg5 45. b6 cxb6 46.
Rxb6 1/2-1/2

[Event "21st ch-EUR Indiv 2021"]
[Site "Reykjavik ISL"]
[Date "2021.09.01"]
[Round "7.46"]
[White "Wecker, Martin"]
[Black "Druska, Juraj"]
[Result "0-1"]
[BlackTitle "IM"]
[WhiteElo "2195"]
[BlackElo "2493"]
[WhiteFideId "12931462"]
[BlackFideId "14915650"]
[EventDate "2021.08.26"]

1. d4 d5 2. c4 e6 3. Nf3 Nf6 4. g3 dxc4 5. Bg2 c6 6. O-O b5 7. Ne5 Bb7 8. a4 a6
9. b3 cxb3 10. Bb2 Nbd7 11. Nd3 Qb6 12. Qxb3 Be7 13. Rc1 O-O 14. Nd2 Rac8 15. a5
Qa7 16. Ba3 Bxa3 17. Qxa3 Qxd4 18. Nb3 Qa7 19. Nbc5 Rfd8 20. e4 Nxc5 21. Nxc5
Nd7 22. Qb4 h6 23. h4 Nxc5 24. Rxc5 Rd7 25. Rac1 Rcd8 26. Bf3 Rd2 27. Kg2 R8d4
28. Qc3 e5 29. Rxe5 Rxf2+ 30. Kh3 Bc8+ 31. g4 Rc4 32. Re8+ Kh7 33. Qd3 Rxc1 34.
e5+ g6 35. Rxc8 Rcc2 36. h5 Rh2+ 37. Kg3 Qf2+ 38. Kf4 Rc4+ 0-1

[Event "21st ch-EUR Indiv 2021"]
[Site "Reykjavik ISL"]
[Date "2021.09.01"]
[Round "7.47"]
[White "Vrolijk, Liam"]
[Black "Thorhallsson, Simon"]
[Result "1-0"]
[WhiteTitle "IM"]
[WhiteElo "2480"]
[BlackElo "2199"]
[WhiteFideId "1048333"]
[BlackFideId "2310090"]
[EventDate "2021.08.26"]

1. c4 Nf6 2. Nc3 g6 3. e4 d6 4. d4 Bg7 5. Nf3 O-O 6. Be2 e5 7. O-O Nc6 8. d5 Ne7
9. b4 a5 10. bxa5 c5 11. Bd2 Rxa5 12. a4 Ra6 13. Ra3 Nd7 14. Qc2 f5 15. Ng5 Nf6
16. Bd3 fxe4 17. Ncxe4 Nf5 18. Nxf6+ Qxf6 19. Ne4 Qe7 20. Rb1 Nd4 21. Qd1 h6 22.
Be3 Nf5 23. Bc2 Nh4 24. Qd2 Kh7 25. Kh1 Bg4 26. f3 Bf5 27. Rab3 Bc8 28. Rb6 Nf5
29. Bf2 Nd4 30. Nxd6 Nxc2 31. Nxc8 Rxc8 32. Qxc2 Rxb6 33. Rxb6 Qf7 34. Qb1 Ra8
35. Rxb7 Qf4 36. Rxg7+ 1-0

[Event "21st ch-EUR Indiv 2021"]
[Site "Reykjavik ISL"]
[Date "2021.09.01"]
[Round "7.48"]
[White "Bergsson, Stefan"]
[Black "Kjartansson, Gudmundur"]
[Result "1/2-1/2"]
[BlackTitle "GM"]
[WhiteElo "2158"]
[BlackElo "2470"]
[WhiteFideId "2301393"]
[BlackFideId "2301318"]
[EventDate "2021.08.26"]

1. c4 e5 2. Nc3 Nc6 3. g3 Bc5 4. Bg2 a6 5. e3 d6 6. Nge2 Ba7 7. d4 Nge7 8. O-O
h5 9. h3 h4 10. g4 f5 11. g5 Ng6 12. Nd5 Nce7 13. Nxe7 Qxe7 14. f4 c6 15. b4 Bb6
16. d5 Bd7 17. Kh1 c5 18. bxc5 Bxc5 19. Rb1 b5 20. fxe5 Nxe5 21. Nf4 g6 22. Ne6
Nxc4 23. Nxc5 dxc5 24. d6 Qd8 25. Rf4 Be6 26. Rxc4 Bxc4 27. Bc6+ Kf8 28. Bb2 Rh7
29. Bf6 Qc8 30. Bxa8 Qxa8+ 31. Kh2 Ke8 32. Be7 Rxe7 33. dxe7 Kxe7 34. Qd2 Qb8+
35. Kh1 Qg3 36. Rd1 Qxh3+ 37. Kg1 Qg3+ 38. Kh1 Qf3+ 39. Kg1 Qg4+ 40. Kh1 Qh3+
41. Kg1 Qg4+ 42. Kh1 Qe4+ 43. Kg1 Kf7 44. Qd8 Qxe3+ 45. Kh1 Qe4+ 46. Kg1 Qg4+
47. Kh1 Qf3+ 48. Kg1 Qg3+ 49. Kh1 Qh3+ 50. Kg1 Qe3+ 51. Kh1 Qf3+ 1/2-1/2

[Event "21st ch-EUR Indiv 2021"]
[Site "Reykjavik ISL"]
[Date "2021.09.01"]
[Round "7.49"]
[White "Loiseau, Quentin"]
[Black "Saraci, Korab"]
[Result "1-0"]
[WhiteTitle "IM"]
[WhiteElo "2466"]
[BlackElo "2154"]
[WhiteFideId "665274"]
[BlackFideId "4701968"]
[EventDate "2021.08.26"]

1. d4 Nf6 2. Nf3 d5 3. c4 e6 4. Nc3 Be7 5. Bg5 O-O 6. e3 c6 7. Qc2 Nbd7 8. a3 h6
9. Bh4 Ne8 10. Bxe7 Qxe7 11. Bd3 Nd6 12. c5 Ne8 13. e4 dxe4 14. Nxe4 e5 15. O-O
f5 16. Bc4+ Kh8 17. Ng3 e4 18. Rfe1 Qd8 19. Ne5 Nxe5 20. dxe5 Qe7 21. Qc3 Be6
22. Bxe6 Qxe6 23. Rad1 Nc7 24. Rd6 Qe7 25. e6 Qf6 26. Qxf6 Rxf6 27. e7 Re8 28.
Rxf6 gxf6 29. Nxf5 1-0

[Event "21st ch-EUR Indiv 2021"]
[Site "Reykjavik ISL"]
[Date "2021.09.01"]
[Round "7.50"]
[White "Gretarsson, Helgi Ass"]
[Black "Gombocz, Ferenc Jr."]
[Result "1-0"]
[WhiteTitle "GM"]
[BlackTitle "FM"]
[WhiteElo "2447"]
[BlackElo "2191"]
[WhiteFideId "2300699"]
[BlackFideId "775029"]
[EventDate "2021.08.26"]

1. e4 e5 2. Nf3 Nc6 3. Bb5 g6 4. c3 a6 5. Ba4 d6 6. d4 Bd7 7. O-O Bg7 8. Bg5 f6
9. Be3 Nh6 10. h3 Nf7 11. Bb3 O-O 12. dxe5 Nxe5 13. Nxe5 fxe5 14. Bd5 Bc6 15.
Bxc6 bxc6 16. Qa4 Qd7 17. Nd2 Nd8 18. Nc4 Qf7 19. Na5 c5 20. a3 Ne6 21. b4 cxb4
22. axb4 Bf6 23. Qc6 Rfb8 24. Rfd1 Bg5 25. Nc4 Nd8 26. Qd5 Qxd5 27. exd5 Be7 28.
Ra4 Kf7 29. Nd2 Ke8 30. Rda1 Kd7 31. Rxa6 Rxa6 32. Rxa6 Rb5 33. Ra3 Nf7 34. Kf1
Bg5 35. Ke2 Ke8 36. Ra8+ Ke7 37. Ne4 Bxe3 38. fxe3 Nd8 39. g4 h6 40. h4 Rb6 41.
Kd3 Rb5 42. Kc4 Rb7 43. Kb3 Rb5 44. c4 Rb7 45. b5 Rb6 46. Ka4 Rb7 47. Kb4 Rb6
48. Nc3 Rb7 49. Ka5 h5 50. g5 Kd7 51. Na4 1-0

[Event "21st ch-EUR Indiv 2021"]
[Site "Reykjavik ISL"]
[Date "2021.09.01"]
[Round "7.51"]
[White "Vogel, Roven"]
[Black "Stremavicius, Pijus"]
[Result "1/2-1/2"]
[WhiteTitle "IM"]
[WhiteElo "2441"]
[BlackElo "2146"]
[WhiteFideId "12908088"]
[BlackFideId "12812730"]
[EventDate "2021.08.26"]

1. d4 Nf6 2. c4 e6 3. Nf3 b6 4. e3 Bb7 5. Bd3 d5 6. O-O dxc4 7. Bxc4 c5 8. Qe2
Nbd7 9. Rd1 Be7 10. dxc5 Bxc5 11. Nbd2 O-O 12. Nb3 Be7 13. Ba6 Bxa6 14. Qxa6 Qc8
15. Qe2 Nc5 16. Nbd4 Qb7 17. Bd2 Nce4 18. Be1 Rac8 19. Ne5 Bd6 20. Nd3 Rfd8 21.
Rac1 Rxc1 22. Rxc1 Rc8 23. Rd1 Qa6 24. f3 Nc5 25. Nb4 Qxe2 26. Nxe2 Be7 27. Nd4
Kf8 28. Nbc6 a5 29. e4 Nfd7 30. Bg3 Bf6 31. Bd6+ Ke8 32. e5 Bg5 33. Na7 Ra8 34.
Nab5 Na6 35. Nc6 Rc8 36. Nba7 Ra8 37. g3 Be3+ 38. Kf1 f6 39. Re1 Bc5 40. exf6
Nxf6 41. Nb5 Kf7 42. Ne5+ Kg8 43. Nc4 Re8 44. Bxc5 Nxc5 45. Nxb6 Rb8 46. Rc1 Nd3
47. Rc6 Nd5 48. Nxd5 Rxb5 49. Ne3 Rxb2 50. Rc2 Rb1+ 51. Ke2 Nb4 52. Rc8+ Kf7 53.
a3 Rb2+ 54. Kf1 Nd5 55. Nxd5 exd5 56. Rc5 a4 57. Ra5 1/2-1/2

[Event "21st ch-EUR Indiv 2021"]
[Site "Reykjavik ISL"]
[Date "2021.09.01"]
[Round "7.52"]
[White "Mai, Alexander Oliver"]
[Black "Mazur, Stefan"]
[Result "0-1"]
[BlackTitle "IM"]
[WhiteElo "2090"]
[BlackElo "2416"]
[WhiteFideId "2313391"]
[BlackFideId "14909332"]
[EventDate "2021.08.26"]

1. e4 e5 2. Nf3 Nc6 3. Nc3 Nf6 4. d4 Bb4 5. Nxe5 Bxc3+ 6. bxc3 Qe7 7. Nxc6 Qxe4+
8. Qe2 dxc6 9. f3 Qxe2+ 10. Bxe2 Bf5 11. Bd3 Bxd3 12. cxd3 O-O-O 13. Bg5 c5 14.
Bxf6 gxf6 15. Kf2 cxd4 16. c4 Rde8 17. Rhe1 Kd7 18. Re4 Rxe4 19. fxe4 Re8 20.
Rf1 Re5 21. Kg3 Ke6 22. Rf4 Ra5 23. Rh4 Ra3 24. Rxh7 Rxd3+ 25. Kf4 Rd1 26. Rh8
Rf1+ 27. Kg4 Ke7 28. Rh3 Rf2 29. Rg3 d3 0-1

[Event "21st ch-EUR Indiv 2021"]
[Site "Reykjavik ISL"]
[Date "2021.09.01"]
[Round "7.53"]
[White "Domalchuk-Jonasson, Aleksandr"]
[Black "Krastev, Alexander"]
[Result "1/2-1/2"]
[BlackTitle "FM"]
[WhiteElo "2052"]
[BlackElo "2389"]
[WhiteFideId "14142805"]
[BlackFideId "12989983"]
[EventDate "2021.08.26"]

1. d4 Nf6 2. c4 e6 3. Nc3 Bb4 4. e3 O-O 5. Bd3 d5 6. Nf3 b6 7. O-O Bb7 8. cxd5
exd5 9. a3 Bd6 10. b4 a6 11. Rb1 Nbd7 12. Qb3 Rb8 13. Bf5 c5 14. bxc5 bxc5 15.
dxc5 Nxc5 16. Qc2 Nfe4 17. Bb2 g6 18. Bh3 Qe7 19. Rfd1 Rfd8 20. Ba1 f6 21. Ne2
Bc6 22. Rxb8 Bxb8 23. Qa2 Kg7 24. Nc3 Qc7 25. g3 Be8 26. Bg2 Bf7 27. Nd4 Qc8 28.
Qc2 Be5 29. Nxe4 Nxe4 30. Qa4 Rd6 31. Qa5 Bxd4 32. Bxd4 Qc2 33. Rf1 Rc6 34. h4
h5 35. Qb4 Qe2 36. Qe7 Nd2 37. Ra1 Nf3+ 38. Bxf3 Qxf3 39. Bc5 Rc8 1/2-1/2

[Event "21st ch-EUR Indiv 2021"]
[Site "Reykjavik ISL"]
[Date "2021.09.01"]
[Round "7.54"]
[White "D'Costa, Lorin"]
[Black "Ragnarsson, Johann"]
[Result "1-0"]
[WhiteTitle "IM"]
[WhiteElo "2381"]
[BlackElo "1916"]
[WhiteFideId "409219"]
[BlackFideId "2301040"]
[EventDate "2021.08.26"]

1. Nf3 d5 2. g3 Nf6 3. Bg2 Bf5 4. O-O e6 5. d3 h6 6. c4 c6 7. b3 Nbd7 8. Bb2 Be7
9. Nbd2 O-O 10. a3 a5 11. Rc1 b5 12. Nd4 Qb6 13. cxb5 cxb5 14. Nxf5 exf5 15. Nf3
Bc5 16. Rc2 b4 17. a4 Ng4 18. d4 Bd6 19. Nh4 f4 20. e4 Nxf2 21. Kxf2 fxg3+ 22.
hxg3 Ne5 23. Nf5 dxe4 24. Bxe4 Rad8 25. Kg2 g6 26. dxe5 Bxe5 27. Ne7+ Kh7 28.
Nd5 1-0

[Event "21st ch-EUR Indiv 2021"]
[Site "Reykjavik ISL"]
[Date "2021.09.01"]
[Round "7.55"]
[White "Kanyamarala, Tarun"]
[Black "Johannsson, Birkir Isak"]
[Result "1-0"]
[WhiteTitle "FM"]
[WhiteElo "2369"]
[BlackElo "2052"]
[WhiteFideId "45004714"]
[BlackFideId "2314673"]
[EventDate "2021.08.26"]

1. e4 c5 2. Nf3 d6 3. d4 cxd4 4. Nxd4 Nf6 5. Nc3 a6 6. h3 e6 7. g4 h6 8. Bg2 Be7
9. f4 Nfd7 10. O-O Nc6 11. Nf3 O-O 12. Ne2 b5 13. Be3 Bb7 14. Ng3 Rc8 15. Qe2
Nb6 16. b3 Nd7 17. c3 b4 18. c4 Qc7 19. Rad1 Nc5 20. Bc1 Rfe8 21. Bb2 a5 22. Nh5
Bf8 23. g5 hxg5 24. Nxg5 f5 25. exf5 exf5 26. Bd5+ Kh8 27. Qf2 Ne7 28. Nxg7 1-0

[Event "21st ch-EUR Indiv 2021"]
[Site "Reykjavik ISL"]
[Date "2021.09.01"]
[Round "7.56"]
[White "Kueng, Nicolas"]
[Black "Samadov, Read"]
[Result "0-1"]
[BlackTitle "FM"]
[WhiteElo "2005"]
[BlackElo "2360"]
[WhiteFideId "1336126"]
[BlackFideId "13417444"]
[EventDate "2021.08.26"]

1. d4 Nf6 2. c4 e6 3. Nc3 Bb4 4. Qc2 d5 5. cxd5 exd5 6. Bg5 h6 7. Bh4 O-O 8. e3
c5 9. dxc5 Nbd7 10. a3 Bxc3+ 11. Qxc3 g5 12. Bg3 Ne4 13. Qc2 Qf6 14. Nf3 Ndxc5
15. Be5 Qe7 16. b4 Nd7 17. Bb2 a5 18. b5 Ndf6 19. Bd3 Bg4 20. Rc1 Rac8 21. Qb1
Rxc1+ 22. Qxc1 Rc8 23. Qa1 Nc5 24. Bc2 Nce4 25. Nd4 Bd7 26. O-O Ng4 27. Bd1 Nd2
28. Bxg4 Bxg4 29. Re1 Nc4 30. Bc1 Bd7 31. Qa2 a4 32. Qc2 Ne5 33. Qd2 Nc4 34. Qd1
Nxa3 35. Qxa4 Nc4 36. Qa7 Bxb5 37. Nf5 Qe6 38. Qxb7 Qxf5 39. Qxb5 Nd6 40. Qa6
Rc2 41. f3 Qe5 42. Qd3 Rc3 43. Qe2 Nc4 44. Bb2 Nxb2 45. Qxb2 d4 46. e4 Qc5 47.
Rd1 Qc4 48. Qb8+ Kh7 49. Qe5 Rc1 50. Rxc1 Qxc1+ 51. Kf2 Qd2+ 52. Kg3 Qe1+ 53.
Kg4 Qh4+ 54. Kf5 d3 55. g4 Qf2 56. Kf6 Qb6+ 57. Kxf7 Qg6+ 58. Kf8 Qg8+ 59. Ke7
Qg7+ 0-1

[Event "21st ch-EUR Indiv 2021"]
[Site "Reykjavik ISL"]
[Date "2021.09.01"]
[Round "7.57"]
[White "Maltsevskaya, Aleksandra"]
[Black "Halldorsson, Jon Arni"]
[Result "1-0"]
[WhiteTitle "WGM"]
[WhiteElo "2409"]
[BlackElo "2115"]
[WhiteFideId "24174041"]
[BlackFideId "2301075"]
[EventDate "2021.08.26"]

1. d4 d5 2. c4 c6 3. Nf3 Nf6 4. Nc3 dxc4 5. a4 Bf5 6. Ne5 Nbd7 7. Nxc4 Nb6 8.
Ne5 a5 9. f3 Nfd7 10. Nxd7 Nxd7 11. e4 Bg6 12. Be3 e6 13. Be2 Bb4 14. O-O O-O
15. Qe1 Qe7 16. Qg3 Rac8 17. Rad1 Rfe8 18. Kh1 Kh8 19. h4 f6 20. Qh3 Bf7 21. h5
e5 22. h6 g6 23. dxe5 Nxe5 24. f4 Be6 25. Qh4 Nc4 26. Bd4 Rf8 27. f5 Nxb2 28.
fxe6 Bxc3 29. Bxc3 Nxd1 30. Bxd1 Kg8 31. Bb3 g5 32. Qg3 b6 33. Rxf6 1-0

[Event "21st ch-EUR Indiv 2021"]
[Site "Reykjavik ISL"]
[Date "2021.09.01"]
[Round "7.58"]
[White "Pappelis, Dimitrios"]
[Black "Unuk, Laura"]
[Result "1-0"]
[BlackTitle "IM"]
[WhiteElo "2160"]
[BlackElo "2407"]
[WhiteFideId "4215281"]
[BlackFideId "14609215"]
[EventDate "2021.08.26"]

1. c4 e6 2. Nc3 d5 3. d4 c6 4. e4 dxe4 5. Nxe4 Bb4+ 6. Nc3 e5 7. Be3 Qa5 8. Ne2
Nf6 9. a3 Be7 10. h3 O-O 11. Qc2 Be6 12. dxe5 Qxe5 13. Nd4 Rd8 14. Nxe6 Qxe6 15.
Be2 Nbd7 16. O-O Bd6 17. Rfe1 Qe5 18. g3 Qe6 19. Kg2 Ne5 20. Ne4 Nxe4 21. Qxe4
f5 22. Qc2 Bc7 23. Bf4 Qf6 24. Rad1 c5 25. Bxe5 Bxe5 26. Bf3 Bd4 27. Bd5+ Kh8
28. Re6 Qf8 29. Rde1 Rab8 30. b3 b6 31. Re7 Re8 32. Rxe8 Rxe8 33. Qxf5 g6 34.
Qxf8+ Rxf8 35. f4 Bf6 36. Kf3 Kg7 37. Re6 Rf7 38. Rc6 Re7 39. g4 Bd4 40. g5 Re3+
41. Kg4 Rxb3 42. Rc7+ Kf8 43. Rf7+ Ke8 44. Rxh7 Rxa3 45. Bf7+ Ke7 46. Bxg6+ Kd6
47. Be8 a6 48. Kf5 Re3 49. Rd7+ Kc6 50. Rxd4+ Rxe8 51. Re4 Rh8 52. g6 b5 53. g7
Ra8 54. Kf6 b4 55. Kf7 a5 56. g8=Q Rxg8 57. Kxg8 a4 58. f5 b3 59. f6 b2 60. Re1
a3 61. f7 a2 62. f8=Q a1=Q 63. Re6+ Kb7 64. Qf7+ 1-0